Lógica, biología y sociología médicas /
Сохранить в:
| Главный автор: | |
|---|---|
| Формат: | Текст |
| Метки: |
Добавить метку
Нет меток, Требуется 1-ая метка записи!
|
MARC
| LEADER | 00000 a a2200000 04500 | ||
|---|---|---|---|
| 001 | 14345 | ||
| 003 | |||
| 040 | |||
| 100 | |a Samaja, Juan Alfonso | ||
| 245 | |a Lógica, biología y sociología médicas / |c Juan Alfonso Samaja | ||
| 773 | |g número 10; páginas 37-75 | ||
| 999 | |c 21369 |d 21369 | ||
